00456nam a2200193 a 4500001001300000003000900013005001700022008004100039020001000080082001600090100001500106245001700121260004200138300000900180500003500189505001300224650001000237700001500247nice12345678IN_TiNIC20260116013516.0050524s1985 dela grp 000 0 eng  ac10000a954.96bRAH aRahul, Ram aModern Nepal aDelhibMunshiram Manoharlal Pubc1985 a108p aincludes index and biblioraphy2 aAppendix aNepal1 aRahul, Ram